[Event "ARG-ch"]
[Site "Santa Fe"]
[Date "1973.??.??"]
[Round "11"]
[White "Hase, Juan C"]
[Black "Bronstein, Luis"]
[Result "1-0"]
[WhiteElo "2420"]
[BlackElo "2365"]

1.e4 c5 2.Nf3 e6 3.Nc3 Nc6 4.d4 cxd4 5.Nxd4 d6 6.Bc4 Nf6 7.Bb3 Be7 8.Be3 O-O
9.Qe2 Bd7 10.f3 Nxd4 11.Bxd4 Qa5 12.g4 Rfc8 13.h4 b5 14.h5 b4 15.Nd1 h6 16.c4 Nh7
17.Nf2 e5 18.Be3 Bg5 19.Nd3 Be6 20.Rc1 Rc6 21.Kf2 Rac8 22.c5 Bxe3+ 23.Qxe3 Bxb3
24.axb3 dxc5 25.Nxe5 Re6 26.Nc4 Qc7 27.Rcd1 Nf6 28.e5 Rce8 29.Qd2 Rxe5 30.Nxe5 Qxe5
31.Rde1 Qc7 32.Rxe8+ Nxe8 33.Kg2 Nd6 34.Rd1 Ne8 35.Qd5 Kf8 36.Rc1 Qf4 37.Rc4 Qf6
38.Qxc5+ Kg8 39.Qd4 Qe6 40.Qe4 Qd7  1-0

[Event "Sao Paulo"]
[Site "Sao Paulo"]
[Date "1973.??.??"]
[Round "4"]
[White "Van Riemsdijk, Herman C"]
[Black "Kaplan, Julio P"]
[Result "0-1"]
[WhiteElo "2320"]
[BlackElo "2455"]

1.e4 c5 2.Nf3 Nc6 3.d4 cxd4 4.Nxd4 e6 5.Nc3 a6 6.g3 Nge7 7.Be3 b5 8.Bg2 Nxd4
9.Bxd4 Nc6 10.O-O Nxd4 11.Qxd4 Bb7 12.Rfe1 Rc8 13.Re2 f6 14.Rd1 Bc5 15.Qd3 Rc7
16.Nd5 Rc6 17.b4 Ba7 18.Nf4 Qc7 19.Red2 Bc8 20.e5 fxe5 21.Bxc6 Qxc6 22.Nh3 Bd4
23.Kf1 Bb7 24.f3 Qxf3+ 25.Qxf3 Bxf3 26.Rxd4 exd4 27.Rxd4 Bd5 28.a3 Ke7 29.Ke2 Bc6
30.Rg4 g6 31.Rh4 e5 32.Nf2 h5 33.g4 Rf8 34.Rh3 hxg4 35.Nxg4 d6 36.Ne3 Be4
37.c3 Ke6 38.Rh7 Rf7 39.Rh8 Rc7 40.Kd2 Rf7 41.Ke2 Kd7  0-1

[Event "URS-JUG"]
[Site "Tbilisi"]
[Date "1973.??.??"]
[Round "1"]
[White "Velimirovic, Dragoljub"]
[Black "Vasiukov, Evgeni"]
[Result "1-0"]
[WhiteElo "2510"]
[BlackElo "2560"]

1.e4 c5 2.Nf3 Nc6 3.d4 cxd4 4.Nxd4 e6 5.Nc3 a6 6.Be2 Qc7 7.O-O b5 8.Nxc6 Qxc6
9.Bf3 Bb7 10.Bf4 d6 11.Re1 e5 12.a4 b4 13.Nd5 exf4 14.c3 b3 15.e5 O-O-O 16.Qxb3 Kb8
17.Nb4 Qd7 18.Bxb7 Kxb7 19.Nd5+ Ka8 20.Nb6+ Ka7 21.Nxd7 Rxd7 22.Rad1  1-0

[Event "URS-ch sf"]
[Site "Tbilisi"]
[Date "1973.??.??"]
[Round "3"]
[White "Klovans, Janis"]
[Black "Osnos, Viatcheslav"]
[Result "1-0"]
[WhiteElo "2480"]
[BlackElo "2510"]

1.e4 c5 2.Nf3 e6 3.d4 cxd4 4.Nxd4 Nc6 5.Nc3 d6 6.Be3 Nf6 7.Be2 Be7 8.f4 Bd7
9.O-O a6 10.Qe1 b5 11.Bf3 Rc8 12.e5 dxe5 13.Nxc6 Bxc6 14.fxe5 Nd5 15.Rd1 O-O
16.Nxd5 Bxd5 17.Bxd5 exd5 18.c3 Qd7 19.Qg3 Qe6 20.Bd4 Qg6 21.Rf3 Rfd8 22.Qf2 b4
23.Rf1 bxc3 24.bxc3 Rf8 25.Qe2 Qe6 26.Rg3 Rfe8 27.Qh5 g6 28.h3 Bc5 29.Kh2 Bxd4
30.cxd4 Rc3 31.Rg4 Qe7 32.Rf6 Qf8 33.Qg5 Re6 34.Rgf4 Rxf6 35.Rxf6 Qb4 36.Qf4 Rc4
37.Rxf7 Rc6 38.Rd7  1-0

[Event "URS-ch sf"]
[Site "Tbilisi"]
[Date "1973.??.??"]
[Round "7"]
[White "Bronstein, David I"]
[Black "Razuvaev, Yuri S"]
[Result "1-0"]
[WhiteElo "2570"]
[BlackElo "2510"]

1.e4 c5 2.Nf3 Nc6 3.d4 cxd4 4.Nxd4 e6 5.Nc3 a6 6.f4 d5 7.Be3 Nge7 8.Nf3 dxe4
9.Qxd8+ Nxd8 10.Nxe4 Nd5 11.Bd2 Nc6 12.Bc4 b5 13.Bb3 Bb7 14.O-O-O Be7 15.f5 exf5
16.Ng3 O-O-O 17.Nxf5 Bc5 18.Ng5 g6 19.Nxf7 gxf5 20.Nxh8 Ne3 21.Nf7 Rf8 22.Nd6+ Kc7
23.Nxb7 Kxb7 24.Bxe3 Bxe3+ 25.Kb1 Nd4 26.Bd5+ Kc7 27.c3 Nc6 28.g3 Ne5 29.Rhe1 f4
30.gxf4 Bxf4 31.Rf1 Ng6 32.h3 Bd6 33.Rxf8 Bxf8 34.Rf1  1-0

[Event "Birmingham International"]
[Site "Birmingham"]
[Date "1974.04.19"]
[Round "10"]
[White "Gasic, Bozidar"]
[Black "Kirov, Nino"]
[Result "0-1"]
[WhiteElo "2390"]
[BlackElo "2420"]

1.e4 c5 2.Nf3 e6 3.d4 cxd4 4.Nxd4 Nc6 5.Nc3 Qc7 6.Be2 a6 7.Be3 Nf6 8.O-O Bb4
9.Na4 O-O 10.Nxc6 bxc6 11.Bd3 Be7 12.c4 c5 13.Nc3 Bb7 14.f4 d6 15.Qe2 Nd7
16.Rf3 Bf6 17.Bd2 Bd4+ 18.Kh1 Rae8 19.Rh3 g6 20.Re1 f5 21.e5 dxe5 22.fxe5 Nxe5
23.Bf4 Qc6 24.Bxe5 Bxe5 25.Re3 Bxc3 26.bxc3 e5 27.Qf2 Qc7 28.Rg3 e4 29.Bc2 f4
30.Rg5 Re5 31.Qh4 Qe7  0-1

[Event "BCF-ch"]
[Site "Clacton on Sea"]
[Date "1974.08.07"]
[Round "3"]
[White "Thomas, Richard"]
[Black "Sinclair, Ian"]
[Result "1/2-1/2"]
[WhiteElo "2200"]
[BlackElo "2200"]

1.e4 c5 2.Nf3 e6 3.d4 cxd4 4.Nxd4 Nc6 5.Nc3 Qc7 6.g3 a6 7.Bg2 d6 8.O-O Be7
9.Be3 Nf6 10.Na4 Rb8 11.c4 Nxd4 12.Qxd4 Bd7 13.Nb6 Bc6 14.Rac1 O-O 15.f3 Qd8
16.Rfd1 Nd7 17.Nxd7 Qxd7 18.e5 Rbd8 19.Qg4 f5 20.exf6 Bxf6 21.Bd4 Qf7 22.f4 Bxg2
23.Kxg2 Bxd4 24.Rxd4 e5 25.Re4 d5 26.Rxe5 dxc4 27.Rc2 Rde8 28.Rce2 Rxe5 29.Rxe5 c3
30.bxc3 Qxa2+ 31.Kh3 Qf7 32.Qe2 h6 33.c4 Qg6 34.Re7 Rf7 35.Re8+ Kh7 36.Qe5 Qc2
37.Qe6 Qf5+  1/2-1/2

[Event "BCF-ch"]
[Site "Clacton on Sea"]
[Date "1974.08.12"]
[Round "7"]
[White "Hindle, Owen M"]
[Black "Hartston, William R"]
[Result "0-1"]
[WhiteElo "2200"]
[BlackElo "2480"]

1.e4 c5 2.Nf3 e6 3.d4 cxd4 4.Nxd4 Nc6 5.Nc3 a6 6.Be2 d6 7.O-O Nf6 8.Be3 Be7
9.f4 Bd7 10.Nb3 b5 11.a3 O-O 12.Bf3 Qc7 13.Qe2 Rab8 14.Bf2 b4 15.axb4 Nxb4
16.Rfd1 Rfc8 17.e5 Ne8 18.Nd4 g6 19.Rd2 dxe5 20.fxe5 Bg5 21.Rdd1 Bf4 22.Bg3 Bh6
23.Ne4 Nd5 24.Nd6 Nxd6 25.exd6 Qc5 26.Bxd5 Qxd5 27.Rxa6 Rxb2 28.Nc6 Qxc6
29.Rxc6 Rxc6 30.Rf1 Rcxc2 31.Qf3 f5 32.Qa8+ Bf8 33.Qd8 Rxg2+ 34.Kh1 Bc6  0-1

[Event "IBM"]
[Site "Amsterdam"]
[Date "1974.??.??"]
[Round "2"]
[White "Kaplan, Julio P"]
[Black "Jansa, Vlastimil"]
[Result "0-1"]
[WhiteElo "2460"]
[BlackElo "2535"]

1.e4 c5 2.Nf3 e6 3.d4 cxd4 4.Nxd4 Nc6 5.Nc3 a6 6.Be2 Nge7 7.O-O Nxd4 8.Qxd4 Nc6
9.Qe3 Be7 10.b3 O-O 11.Bb2 d5 12.exd5 exd5 13.Rad1 d4 14.Qf3 Be6 15.Ne4 Qa5
16.a3 Rad8 17.b4 Qb6 18.Bc1 f5 19.Ng5 Bd5 20.Qh5 h6 21.c4 Bxg5 22.Bxg5 hxg5
23.cxd5 Ne5 24.Qxg5 Rxd5 25.Rc1 Kh7 26.Qe7 Kg8 27.Bd1 Qd8 28.Qxb7 Rd6 29.Re1 Qf6
30.f4 Nd3 31.Bb3+ Kh7 32.Qf3 Nxc1 33.Rxc1 Qe7 34.Qf2 Qe3 35.Bc4 Rc8  0-1

[Event "IBM-B"]
[Site "Amsterdam"]
[Date "1974.??.??"]
[Round "4"]
[White "Ghizdavu, Dumitru"]
[Black "Enklaar, Bertus F"]
[Result "0-1"]
[WhiteElo "2420"]
[BlackElo "2425"]

1.e4 c5 2.Nf3 e6 3.d4 cxd4 4.Nxd4 Nc6 5.Nc3 d6 6.Be3 Nf6 7.Be2 Be7 8.f4 Qc7
9.Nb3 a6 10.a4 b6 11.O-O O-O 12.Bf3 Rb8 13.g4 Na5 14.g5 Nd7 15.Nxa5 bxa5
16.Rb1 Nb6 17.Bg2 Rd8 18.Kh1 Bb7 19.f5 Nc4 20.Bc1 Ne5 21.f6 Bf8 22.Bf4 Qc5
23.Qd2 Rdc8 24.Qe2 Rc7 25.Rbd1 Bc8 26.Bc1 Rb4 27.fxg7 Bxg7 28.Qh5 Bb7 29.Rf4 Ng6
30.Rf3 f5 31.Rh3 Bh8 32.Be3 Qc6 33.Nd5 exd5 34.exf5 Nf8 35.Bxd5+ Qxd5+ 36.Rxd5 Bxd5+
37.Kg1 Rxb2 38.Qd1 Be4 39.f6 Rcxc2 40.Rh4 Rg2+ 41.Kf1 Ba8 42.Bd4 Rb4 43.Rf4 Ne6
44.Qe1 Kf7 45.Rf2 Rxg5 46.Be3 Re5 47.Qc3 Bd5 48.Qc2 Rbe4 49.h3 Nc5 50.Bxc5 Re1+  0-1

[Event "IBM-B"]
[Site "Amsterdam"]
[Date "1974.??.??"]
[Round "5"]
[White "Boey, Josef"]
[Black "Hartoch, Robert G"]
[Result "0-1"]
[WhiteElo "2435"]
[BlackElo "2370"]

1.e4 c5 2.Nf3 e6 3.d4 cxd4 4.Nxd4 Nc6 5.Nc3 d6 6.Be3 Nf6 7.f4 Be7 8.Qf3 e5
9.Nxc6 bxc6 10.f5 Rb8 11.Bc4 Qa5 12.Bb3 d5 13.Bd2 d4 14.Nd5 Qd8 15.Nxe7 Qxe7
16.g4 Ba6 17.g5 Nd7 18.O-O-O Nc5 19.f6 gxf6 20.gxf6 Nxb3+ 21.cxb3 Qe6 22.Rhg1 c5
23.Rg5 Kd7 24.Kb1 Rhg8 25.Rf5 Rg6 26.Be1 Rbg8 27.b4 cxb4 28.Bg3 Rxg3 29.hxg3 Rc8
30.Qb3 Qxb3 31.axb3 Ke6 32.Rf2 Rg8 33.Kc2 Rxg3 34.Ra1 Bd3+ 35.Kd2 a6 36.Ra4 Bb5
37.Ra1 Rxb3 38.Kc2 Re3 39.Rh1 Bd3+ 40.Kd2 Bxe4 41.Rg1 Rf3 42.Rxf3 Bxf3 43.Ra1 Kxf6
44.Rxa6+ Kg5 45.Rb6 h5 46.Rxb4 h4 47.Ke1 h3  0-1

[Event "IBM-B"]
[Site "Amsterdam"]
[Date "1974.??.??"]
[Round "6"]
[White "Enklaar, Bertus F"]
[Black "Ligterink, Gert"]
[Result "1/2-1/2"]
[WhiteElo "2425"]
[BlackElo "2360"]

1.e4 c5 2.Nf3 e6 3.d4 cxd4 4.Nxd4 Nc6 5.Nc3 d6 6.Be2 Be7 7.Be3 Nf6 8.O-O O-O
9.f4 Bd7 10.Ndb5 Qb8 11.a4 Rd8 12.Bf3 Be8 13.g4 a6 14.Nd4 Nxd4 15.Qxd4 Bc6
16.g5 Nd7 17.Qd3 b5 18.axb5 axb5 19.Rxa8 Qxa8 20.Nxb5 Nc5 21.Qe2 Bxe4 22.Bxc5 Bxf3
23.Rxf3 dxc5 24.c4 Rd2 25.Qxd2 Qxf3 26.Nc3 h6 27.gxh6 Bf6  1/2-1/2

[Event "IBM-B"]
[Site "Amsterdam"]
[Date "1974.??.??"]
[Round "8"]
[White "Ardiansyah, Haji"]
[Black "Hartoch, Robert G"]
[Result "1-0"]
[WhiteElo "2315"]
[BlackElo "2370"]

1.e4 c5 2.Nf3 e6 3.d4 cxd4 4.Nxd4 Nc6 5.Nc3 d6 6.Be2 Nf6 7.Be3 Be7 8.Qd2 a6
9.f4 Qc7 10.O-O-O O-O 11.g4 Nd7 12.g5 Nxd4 13.Bxd4 b5 14.f5 b4 15.Na4 Qa5
16.f6 Bd8 17.b3 Bb7 18.fxg7 Re8 19.Rhg1 Bxe4 20.Qf4 Qf5 21.Qxd6 Bxg5+ 22.Kb2 Rad8
23.Qxb4 Ne5 24.Rdf1 Bf4 25.Bc3 Ng6 26.Nc5 Bxc2 27.Rxg6 Qxg6 28.Qxf4 Rd5 29.Qe3 Rc8
30.b4 a5 31.Rg1 Rdxc5 32.bxc5 Qf5 33.Rg5 Rb8+ 34.Ka3 Qe4 35.Qxe4 Bxe4 36.Bxa5 Ra8
37.Kb4 Bd5 38.a4 f5 39.Bb6 f4 40.Rxd5 exd5 41.Bf3 Kxg7 42.Bxd5  1-0

[Event "IBM"]
[Site "Amsterdam"]
[Date "1974.??.??"]
[Round "11"]
[White "Velimirovic, Dragoljub"]
[Black "Jansa, Vlastimil"]
[Result "0-1"]
[WhiteElo "2530"]
[BlackElo "2535"]

1.e4 c5 2.Nf3 e6 3.d4 cxd4 4.Nxd4 Nc6 5.Nc3 a6 6.g3 Nge7 7.Nb3 d6 8.Bg2 Bd7
9.O-O Nc8 10.a4 Be7 11.f4 O-O 12.Kh1 Qc7 13.g4 Re8 14.g5 Nb6 15.f5 Bf8 16.Qh5 Ne5
17.Nd4 Rac8 18.Rf4 g6 19.Qh3 Nbc4 20.Rh4 h5 21.Nde2 Ng4 22.Qg3 Qc5 23.Rxg4 hxg4
24.b3 Ne5 25.Be3 Qa5 26.Bd2 Qc7 27.Nf4 Bg7 28.f6 Bf8 29.h4 b5 30.axb5 axb5
31.h5 b4 32.Nce2 Qxc2 33.Be3 gxh5 34.Qh4 Bc6 35.Nd4 Qc3 36.Re1 Ra8 37.Re2 Nf3
38.Nxf3 gxf3 39.Bxf3 Ra1+ 40.Kh2 Qe5 41.Rg2 Bxe4 42.Bxe4 Qxe4 43.g6 fxg6
44.Qg3 Kf7 45.Nxg6 Rea8 46.Nf4 R1a2 47.Qg8+ Ke8 48.Qh8 Qxe3  0-1

[Event "DEN-ch"]
[Site "Copenhagen"]
[Date "1974.??.??"]
[Round "8"]
[White "Christensen, Stefan"]
[Black "Jakobsen, Ole"]
[Result "0-1"]
[WhiteElo "2200"]
[BlackElo "2435"]

1.e4 c5 2.Nf3 e6 3.d4 cxd4 4.Nxd4 Nc6 5.Nc3 a6 6.Be3 Qc7 7.Bd3 b5 8.O-O Bb7
9.Qe2 Nf6 10.Rad1 Be7 11.f4 b4 12.Nb1 Nxd4 13.Bxd4 Bc5 14.Bxc5 Qxc5+ 15.Kh1 h5
16.Nd2 h4 17.Qf2 Rc8 18.Kg1 Ke7 19.Rfe1 Qxf2+ 20.Kxf2 e5 21.fxe5 Ng4+ 22.Kg1 Nxe5
23.Nf3 Rh5 24.Nd4 g6 25.a3 bxa3 26.bxa3 Nxd3 27.cxd3 Rc3 28.Re2 Rxa3 29.Rb2 Ra4
30.Nf3 Bc6 31.Kf2 f6 32.Ke3 h3 33.g4 Rb5 34.Rxb5 axb5 35.Rd2 Ra1 36.g5 Rb1
37.gxf6+ Kxf6 38.Nd4 Re1+ 39.Kf2 Rc1 40.Rb2 Rc3 41.Ke3  0-1

[Event "DSV-Turnier"]
[Site "Halle"]
[Date "1974.??.??"]
[Round "?"]
[White "Boensch, Uwe"]
[Black "Filipowicz, Andrzej"]
[Result "1/2-1/2"]
[WhiteElo "2360"]
[BlackElo "2430"]

1.e4 c5 2.Nf3 e6 3.d4 cxd4 4.Nxd4 Nc6 5.Nc3 d6 6.Be3 a6 7.Bc4 Qc7 8.Bb3 Bd7
9.Qe2 Nxd4 10.Bxd4 Ne7 11.O-O-O Nc6 12.Be3 Be7 13.g4 b5 14.f4 Na5 15.Bd4 b4
16.Na4 Nxb3+ 17.axb3 Bb5 18.Qf2 O-O 19.Kb1 Bxa4 20.bxa4 Qc6 21.b3 Qxe4 22.Rhe1 Qc6
23.g5 Rac8 24.Rd3 Bd8 25.Re2 f6 26.gxf6 e5  1/2-1/2

[Event "DSV-Turnier"]
[Site "Halle"]
[Date "1974.??.??"]
[Round "?"]
[White "Ciocaltea, Victor"]
[Black "Tal, Mihail"]
[Result "0-1"]
[WhiteElo "2470"]
[BlackElo "2635"]

1.e4 c5 2.Nf3 e6 3.d4 cxd4 4.Nxd4 Nc6 5.Nc3 d6 6.Be2 Nf6 7.O-O Be7 8.Be3 O-O
9.f4 Qc7 10.Nb3 b6 11.Bf3 Ba6 12.Rf2 Rfd8 13.Qe1 Rac8 14.Rd1 Bc4 15.Nd4 Nxd4
16.Bxd4 e5 17.Be3 d5 18.fxe5 Nxe4 19.Bxe4 dxe4 20.Rd4 Rxd4 21.Bxd4 Rd8 22.Qxe4 Qd7
23.Rd2 Bc5 24.Bxc5 Qxd2 25.Bd6 Be6 26.h3 Qc1+ 27.Kh2 Qxb2 28.Nd5 Bxd5 29.Qxd5 Qxc2
30.e6 fxe6 31.Qxe6+ Kh8 32.Qe7 Qc8 33.Be5 Rd7  0-1

[Event "DSV-Turnier"]
[Site "Halle"]
[Date "1974.??.??"]
[Round "?"]
[White "Fichtl, Jiri"]
[Black "Liebert, Heinz"]
[Result "1/2-1/2"]
[WhiteElo "2380"]
[BlackElo "2445"]

1.e4 c5 2.Nf3 Nc6 3.d4 cxd4 4.Nxd4 e6 5.Nc3 a6 6.Bf4 d6 7.Bg3 Bd7 8.Qd2 Qc7
9.Be2 Nf6 10.O-O-O Rd8 11.f3 Be7 12.Rhe1 O-O 13.Kb1 Nxd4 14.Qxd4 Bc6 15.e5 dxe5
16.Qxe5 Qxe5 17.Bxe5 Rxd1+ 18.Rxd1 Rd8 19.Rxd8+ Bxd8 20.Bd3 Nd7 21.Bd6 Bf6
22.Ne4 Be5 23.Bxe5 Nxe5 24.Nf2 f5 25.c4 Kf7 26.Kc2 Kf6 27.Kc3 g5 28.b4 h5
29.h3 g4 30.hxg4 hxg4 31.fxg4 Bxg2 32.gxf5 exf5 33.Kd4 b6 34.Bc2 Bf1 35.Bb3 Nc6+
36.Kc3 Ke5 37.Bc2 a5 38.a3  1/2-1/2

[Event "HUN-ch"]
[Site "?"]
[Date "1974.??.??"]
[Round "?"]
[White "Horvath, Tamas"]
[Black "Szilagyi, Peter"]
[Result "1-0"]
[WhiteElo "2280"]
[BlackElo "2420"]

1.e4 c5 2.Nf3 e6 3.d4 cxd4 4.Nxd4 Nc6 5.Nc3 Qc7 6.Be2 a6 7.O-O Nf6 8.Be3 Bb4
9.Nxc6 bxc6 10.Na4 O-O 11.c4 Be7 12.Qc2 c5 13.Bf3 Rb8 14.b3 d6 15.Rad1 Nd7
16.g3 Bb7 17.Bg2 g6 18.Nc3 Rfe8 19.Rd2 Bf8 20.Rfd1 Rbd8 21.f4 f5 22.Rd3 Bc6
23.Qd2 Nf6 24.e5 Ne4 25.Nxe4 fxe4 26.Rxd6 Bxd6 27.exd6 Qf7 28.Qa5 e5 29.Qxc5 exf4
30.gxf4 Bb7 31.Qg5 Qg7 32.c5 h6 33.Qg3 Kh7 34.Bf1 Rf8 35.Bc4 Rf5 36.Be6 Rh5
37.Bd4 Qf8 38.Be5 Bc8 39.Qg4 e3 40.Bxc8 Rxc8 41.Qd7+ Kg8 42.Qe6+ Kh7 43.Qe7+ Qxe7
44.dxe7 Re8 45.Rd8 Rxe5 46.fxe5 Rxe7 47.c6 e2 48.Kf2 Rxe5 49.Rd7+ Kg8 50.Ke1  1-0

[Event "HUN-ch"]
[Site "?"]
[Date "1974.??.??"]
[Round "?"]
[White "Rajna, George"]
[Black "Szilagyi, Peter"]
[Result "1-0"]
[WhiteElo "2405"]
[BlackElo "2420"]

1.e4 c5 2.Nf3 e6 3.d4 cxd4 4.Nxd4 Nc6 5.Nc3 a6 6.Be3 Qc7 7.Bd3 Bd6 8.h3 Nf6
9.O-O O-O 10.Nxc6 dxc6 11.f4 e5 12.f5 Qe7 13.Bg5 h6 14.Bh4 Kh7 15.Qf3 b5
16.Kh1 Bb7 17.a4 Bc7 18.Nd1 Bd8 19.Ne3 Qb4 20.b3 Be7 21.Be1 Qd4 22.Bf2 Qc3
23.Rad1 Rfd8 24.Be1 Qb2 25.Ba5 Rd7 26.Be2 Rxd1 27.Rxd1 c5 28.Nd5 Bxd5 29.exd5 Qxc2
30.d6 e4 31.Qe3 Bd8 32.Be1 bxa4 33.bxa4 Rb8 34.Rc1 Qxa4 35.Qxc5 Rb2 36.Qc4 Qd7
37.Bc3 Rb6 38.Be5 Qxf5 39.Qd4 Rb3 40.Rf1 Qg6 41.Bxa6 e3 42.Bc4 Bb6 43.Qd1 Rb4
44.Qe2 Kh8 45.Bxf6 gxf6 46.Bd3 f5 47.Rxf5 Qxd6 48.Rxf7 Qe6 49.Qf3 Ra4 50.Rh7+ Kg8
51.Qg3+  1-0

[Event "NLD-ch Leeuwarden"]
[Site "Leeuwarden"]
[Date "1974.??.??"]
[Round "1"]
[White "Van Dop, Arend J"]
[Black "Enklaar, Bertus F"]
[Result "1-0"]
[WhiteElo "2340"]
[BlackElo "2425"]

1.e4 c5 2.Nf3 e6 3.d4 cxd4 4.Nxd4 Nc6 5.Nc3 d6 6.Be3 Nf6 7.Be2 Be7 8.O-O O-O
9.f4 Qc7 10.Nb3 a6 11.a4 b6 12.Qe1 Rb8 13.g4 Re8 14.g5 Nd7 15.Qf2 Nb4 16.Rac1 Bf8
17.Nd4 Bb7 18.Nf3 Nc5 19.Nd2 g6 20.Qh4 Bg7 21.Rf3 Nd7 22.Rh3 Nf8 23.Nd1 Nc6
24.c3 Qd8 25.Qf2 Bc8 26.Qf1 Ra8 27.Nc4 Rb8 28.Nd2 Qd7 29.Nf2 e5 30.Bg4 Qc7
31.f5 gxf5 32.Bxf5 Ne7 33.Bxc8 Qxc8 34.Qg2 Neg6 35.Ng4 Ne6 36.Nf6+ Bxf6 37.gxf6 Nf4
38.Bxf4 exf4 39.Rf1 Qc5+ 40.Kh1 Qe5 41.Rhf3 b5 42.Rxf4 Qh5 43.Rf5 Qh4 44.axb5 Rxb5
45.Rxb5 axb5 46.Qg3 Re6 47.Rf5 Re5 48.Rxe5 dxe5 49.Qxh4 Nxh4 50.c4 b4 51.Kg1 Kf8
52.Kf2 Ke8 53.Kg3 Ng6 54.Kg4 Kd7 55.Kf5 Nf4 56.Nf3  1-0

[Event "NLD-ch Leeuwarden"]
[Site "Leeuwarden"]
[Date "1974.??.??"]
[Round "1"]
[White "Ligterink, Gert"]
[Black "Langeweg, Kick"]
[Result "0-1"]
[WhiteElo "2360"]
[BlackElo "2390"]

1.e4 c5 2.Nf3 e6 3.d4 cxd4 4.Nxd4 Nc6 5.Nc3 a6 6.Be2 d6 7.O-O Nf6 8.Be3 Be7
9.f4 O-O 10.Qe1 Bd7 11.Qg3 Nxd4 12.Bxd4 Bc6 13.Bd3 b5 14.a3 Qd7 15.Kh1 a5
16.Rae1 b4 17.axb4 axb4 18.Bxf6 Bxf6 19.e5 Bxe5 20.fxe5 bxc3 21.bxc3 dxe5
22.Rxe5 Ra4 23.c4 f5 24.Rfe1 Rf6 25.Qf4 Rg6 26.R5e2 Qb7 27.Qd2 Ra8 28.c5 Rd8
29.Kg1 Qb2 30.Qe3 Qb4 31.Rf1 Rd5 32.c4 Rd8 33.Rb1 Qa3 34.Rd1 Qb3 35.Red2 Bxg2  0-1

[Event "NLD-ch Leeuwarden"]
[Site "Leeuwarden"]
[Date "1974.??.??"]
[Round "2"]
[White "Baljon, Christofoor"]
[Black "Hartoch, Robert G"]
[Result "0-1"]
[WhiteElo "2210"]
[BlackElo "2370"]

1.e4 c5 2.Nf3 e6 3.d4 cxd4 4.Nxd4 Nc6 5.Nc3 d6 6.Bc4 Nf6 7.Bb3 Be7 8.Be3 O-O
9.Qe2 a6 10.O-O-O Qc7 11.g4 Nxd4 12.Rxd4 b5 13.g5 Nd7 14.f4 Nc5 15.Rf1 b4
16.Rxb4 a5 17.Rc4 Ba6 18.f5 Nxb3+ 19.axb3 Bxc4 20.bxc4 Rfe8 21.f6 Bf8 22.h4 a4
23.Bd4 a3 24.bxa3 d5 25.Nb5 Qxc4 26.Qxc4 dxc4 27.Nc7 Bxa3+ 28.Kd2 Red8 29.Nxa8 Rxd4+
30.Ke3 Bc5 31.Kf3 gxf6 32.gxf6 Rd2 33.Rb1 Rf2+ 34.Kg4 Rxf6 35.Rb8+ Kg7 36.Rc8 Bd6
37.Rxc4 Rf4+ 38.Kh3 Be7 39.Nb6 Rxh4+ 40.Kg3 h5 41.Nc8 Bg5 42.Nd6 Rg4+ 43.Kh3 Bf4
44.Nb5 Rg3+ 45.Kh4 Rg2 46.Rc3 Kg6 47.Na3  0-1

[Event "NLD-ch Leeuwarden"]
[Site "Leeuwarden"]
[Date "1974.??.??"]
[Round "6"]
[White "Ree, Hans"]
[Black "Langeweg, Kick"]
[Result "1-0"]
[WhiteElo "2425"]
[BlackElo "2390"]

1.e4 c5 2.Nf3 e6 3.d4 cxd4 4.Nxd4 Nc6 5.Nc3 a6 6.Be3 Nf6 7.Be2 d6 8.f4 Be7
9.Qd2 Qc7 10.O-O-O O-O 11.g4 b5 12.g5 Nd7 13.a3 Na5 14.b4 Nc4 15.Bxc4 Qxc4
16.Nb3 Qc7 17.Na5 Bb7 18.Kb2 Rac8 19.Rhf1 Ba8 20.f5 Rfd8 21.Bd4 Ne5 22.Qe3 Ng4
23.Qg3 e5 24.Bb6 Qxc3+ 25.Qxc3  1-0

[Event "NLD-ch Leeuwarden"]
[Site "Leeuwarden"]
[Date "1974.??.??"]
[Round "7"]
[White "Van Dop, Arend J"]
[Black "Scholl, Eduard C"]
[Result "1-0"]
[WhiteElo "2340"]
[BlackElo "2385"]

1.e4 c5 2.Nf3 e6 3.d4 cxd4 4.Nxd4 Nc6 5.Nc3 d6 6.Be3 Nf6 7.Be2 Be7 8.O-O O-O
9.f4 Qc7 10.Qe1 Nxd4 11.Bxd4 e5 12.fxe5 dxe5 13.Qg3 Bc5 14.Bxc5 Qxc5+ 15.Kh1 Ne8
16.Nd5 Be6 17.Qxe5 Qxc2 18.Bd1 Qd3 19.Bb3 Bxd5 20.Bxd5 Nf6 21.Rf3 Qc2 22.Rg3 Qf2
23.Qg5 Ne8 24.Rf3 Qxb2 25.Raf1 Kh8 26.e5 Qb5 27.Bxf7 Nc7 28.Qh5 g6 29.Qg5 Nd5
30.e6  1-0

[Event "NLD-ch Leeuwarden"]
[Site "Leeuwarden"]
[Date "1974.??.??"]
[Round "8"]
[White "Scholl, Eduard C"]
[Black "Ligterink, Gert"]
[Result "1-0"]
[WhiteElo "2385"]
[BlackElo "2360"]

1.e4 c5 2.Nf3 e6 3.d4 cxd4 4.Nxd4 Nc6 5.Nc3 d6 6.Be3 Nf6 7.Bc4 Be7 8.Qe2 O-O
9.O-O-O Qc7 10.Bb3 a6 11.g4 Nxd4 12.Rxd4 b5 13.g5 Nd7 14.Rg1 Nc5 15.e5 d5
16.Rh4 Qxe5 17.Rg3 Qf5 18.Qh5 Nxb3+ 19.axb3 Qg6 20.Qf3 b4 21.Ne2 e5 22.Qxd5 Bf5
23.Rh6 gxh6 24.gxh6 Bg4 25.h3 Rfd8 26.Qb7 Qd6 27.Rxg4+ Kh8 28.Kb1 Rab8 29.Qe4 Rg8
30.Ng3 Rxg4 31.hxg4 Qe6 32.Nf5 Bf8 33.f4 Rd8 34.fxe5 Rd1+ 35.Ka2 Qd5 36.Qxd5 Rxd5
37.c3 Kg8 38.Bd4 Bc5 39.Ne3 Bxd4 40.Nxd5 bxc3 41.bxc3 Bxe5  1-0

[Event "NLD-ch Leeuwarden"]
[Site "Leeuwarden"]
[Date "1974.??.??"]
[Round "9"]
[White "Ligterink, Gert"]
[Black "Hartoch, Robert G"]
[Result "0-1"]
[WhiteElo "2360"]
[BlackElo "2370"]

1.e4 c5 2.Nf3 e6 3.d4 cxd4 4.Nxd4 Nc6 5.Nc3 a6 6.g3 Qc7 7.Bg2 Nf6 8.O-O Be7
9.Re1 Nxd4 10.Qxd4 Bc5 11.Qd1 d6 12.Be3 e5 13.Qd2 Be6 14.Rad1 Ke7 15.Nd5+ Bxd5
16.exd5 Rhe8 17.Rc1 Kf8 18.c4 a5 19.Bxc5 Qxc5 20.Re3 b6 21.Rb3 Qc7 22.Qc2 Kg8
23.Bh3 Re7 24.Rb5 Rb8 25.Rb1 e4 26.Re1 Re5 27.Qc3 h6 28.Qd4 Nh7 29.f4 exf3
30.Rxe5 dxe5 31.d6 Qc6 32.Rxe5 Ng5 33.Bg4 Rd8 34.d7 Ne6 35.Qd5 Qxd7 36.Qxd7 Rxd7
37.Rxe6 Rd1+ 38.Kf2 fxe6 39.Bxe6+ Kf8 40.Kxf3 Rd2  0-1

[Event "NLD-ch Leeuwarden"]
[Site "Leeuwarden"]
[Date "1974.??.??"]
[Round "10"]
[White "Van Dop, Arend J"]
[Black "Ligterink, Gert"]
[Result "0-1"]
[WhiteElo "2340"]
[BlackElo "2360"]

1.e4 c5 2.Nf3 e6 3.d4 cxd4 4.Nxd4 Nc6 5.Nc3 d6 6.Be3 Nf6 7.Be2 Be7 8.O-O O-O
9.f4 Bd7 10.Nb3 a6 11.a4 b6 12.g4 Bc8 13.Bf3 Nd7 14.Bg2 Rb8 15.Qe2 Na5 16.g5 Re8
17.Nd4 Qc7 18.f5 Ne5 19.fxe6 fxe6 20.Bh3 Bf8 21.Rad1 Nac4 22.Bc1 Bd7 23.Rf2 b5
24.axb5 axb5 25.b3 Na3 26.Bb2 b4 27.Na2 d5 28.Rxf8+ Rxf8 29.Kh1 Qd6 30.c4 Rbe8
31.Qe1 Nf3 32.Nxf3 Rxf3 33.Bg2 Rxb3 34.Bc1 Nxc4 35.exd5 exd5 36.Qf1 Nb6 37.Bf4 Qc5
38.Rc1 Nc4 39.Qd1 Rb2 40.Bxd5+ Be6  0-1

[Event "Lublin"]
[Site "Lublin"]
[Date "1974.??.??"]
[Round "2"]
[White "Damjanovic, Mato"]
[Black "Tal, Mihail"]
[Result "0-1"]
[WhiteElo "2460"]
[BlackElo "2635"]

1.e4 c5 2.Nf3 e6 3.d4 cxd4 4.Nxd4 Nc6 5.Nc3 d6 6.Be3 Be7 7.Bc4 Nf6 8.Qe2 O-O
9.O-O-O Qc7 10.Bb3 a6 11.g4 Nxd4 12.Rxd4 b5 13.g5 Nd7 14.Rg1 Nc5 15.Kb1 Bb7
16.f4 f5 17.exf5 Rxf5 18.Rdd1 Nxb3 19.axb3 b4 20.Na4 Be4 21.Nb6 Rb8 22.Qc4 Qxc4
23.Nxc4 Rc8 24.Rge1 d5 25.Bc1 Rff8 26.Rxe4 dxe4 27.Re1 Bd8 28.Rxe4 Bc7 29.c3 bxc3
30.bxc3 Rf5 31.Ne3 Rf7 32.Ng4 Rd8 33.Kc2 Rf5 34.h4 Rdf8 35.Rxe6 Bxf4 36.Ba3 Rd8
37.b4 Kf7 38.Re2 Kg6  0-1

[Event "Lublin"]
[Site "Lublin"]
[Date "1974.??.??"]
[Round "7"]
[White "Estrin, Yacov"]
[Black "Damjanovic, Mato"]
[Result "1/2-1/2"]
[WhiteElo "2450"]
[BlackElo "2460"]

1.e4 c5 2.Nf3 e6 3.d4 cxd4 4.Nxd4 Nc6 5.Nc3 Qc7 6.g3 a6 7.Bg2 Nf6 8.O-O Be7
9.Nce2 O-O 10.b3 Rd8 11.Bb2 d5 12.exd5 Nxd5 13.Nxc6 bxc6 14.Qb1 Bb7 15.c4 Nf6
16.Qc2 c5 17.Rad1 Bxg2 18.Kxg2 Qb7+ 19.f3 Ng4 20.Bc1 Ne5 21.Ng1 Nc6 22.Be3 Nb4
23.Qb1 f5 24.h4 Nc6 25.Rxd8+ Rxd8 26.Rd1 Rd7 27.Rxd7 Qxd7 28.Ne2 Ne5 29.Nc3 Bf6
30.Qd1 Nd3 31.Nd5 exd5 32.Qxd3 d4 33.Bd2 g6 34.a3 Kf7 35.Kf2 Be7 36.b4 Qa4
37.bxc5 Bxc5 38.Bb4 Bxb4 39.axb4 Qa2+ 40.Kf1 Qb2 41.h5 Kf6  1/2-1/2

[Event "Lublin"]
[Site "Lublin"]
[Date "1974.??.??"]
[Round "9"]
[White "Nicevski, Risto"]
[Black "Giorgadze, Tamaz"]
[Result "0-1"]
[WhiteElo "2430"]
[BlackElo "2435"]

1.e4 c5 2.Nc3 e6 3.Nf3 Nc6 4.d4 cxd4 5.Nxd4 d6 6.Be3 Nf6 7.Bc4 a6 8.Qe2 Qc7
9.O-O-O Na5 10.Bb3 b5 11.Kb1 Bd7 12.Bd2 Be7 13.g4 Nxb3 14.cxb3 Qb6 15.g5 Qxd4
16.Be3 Qb4 17.Bb6 d5 18.gxf6 Bxf6 19.e5 Bd8 20.Rd4 Qe7 21.Bxd8 Rxd8 22.Rg1 g6
23.Qe3 b4 24.Ne2 Bb5 25.Nf4 Rc8 26.Qd2 Qc7 27.Re1 a5 28.a4 bxa3 29.bxa3 Qc3
30.Qxc3 Rxc3 31.Re3 Rc5 32.a4 Ba6 33.h4 Ke7 34.Nh3 Rhc8 35.Rd2 d4 36.Rxd4 Rc1+  0-1

[Event "Madonna di Campiglio"]
[Site "Madonna di Campiglio"]
[Date "1974.??.??"]
[Round "5"]
[White "Janosevic, Dragoljub"]
[Black "Jansa, Vlastimil"]
[Result "1-0"]
[WhiteElo "2415"]
[BlackElo "2475"]

1.e4 c5 2.Nf3 e6 3.d4 cxd4 4.Nxd4 Nc6 5.Nc3 a6 6.Bf4 d6 7.Bg3 Bd7 8.Nb3 Qc7
9.Be2 Be7 10.O-O Nf6 11.f4 Rd8 12.a4 Nb4 13.a5 Bc6 14.Bf2 Nxe4 15.Bb6 Qc8
16.Bxd8 Qxd8 17.Nd4 Nxc3 18.bxc3 Nd5 19.Qd2 Bf6 20.c4 Ne7 21.Rab1 O-O 22.Nxc6 Nxc6
23.f5 Qxa5 24.Qxd6 Rd8 25.Qg3 Nd4 26.Bd3 Nxf5 27.Qf3 Qc5+ 28.Kh1 b6 29.Rbe1 h6
30.Qg4 h5 31.Qf3 g6 32.Qb7 a5 33.Rb1 Bd4 34.Rbd1 Kg7 35.Rf3 Bf6 36.Rb1 Nd6
37.Qxb6 Bd4 38.Qxd8  1-0